Systémový přístup ke konceptu flexicurity

Systém trhu práce a jeho podoby v európskom sociálnom modely. Koncept flexicurity a jeho implementácia do Lisabonskej stratégie. Kauzálna logika systému pracovného trhu.

Salvato in:
Dettagli Bibliografici
Autore principale: Potužáková, Zuzana
Altri autori: Mildeová, Stanislava
Natura: Capitolo di libro
Lingua:ceco
Soggetti:
Tags: Aggiungi Tag
Nessun Tag, puoi essere il primo ad aggiungerne!!

MARC

LEADER 00000naa a2200000 4500
001 0130438
005 20231207120040.1
041 0 |a cze 
044 |a CZ 
245 1 0 |a Systémový přístup ke konceptu flexicurity  |c Zuzana Potužáková, Stanislava Mildeová 
520 |a Systém trhu práce a jeho podoby v európskom sociálnom modely. Koncept flexicurity a jeho implementácia do Lisabonskej stratégie. Kauzálna logika systému pracovného trhu. 
610 2 0 |a trh práce 
610 2 0 |a politika sociálna 
610 2 0 |a Európska únia 
610 2 0 |a zamestnanosť 
610 2 0 |a porovnanie medzinárodné 
100 1 |a Potužáková, Zuzana 
700 1 |a Mildeová, Stanislava